| 000 | 05480cam a22019094i 4500 | ||
|---|---|---|---|
| 003 | PE-LiUPU | ||
| 005 | 20250813165414.0 | ||
| 008 | 150609s2013 mx a rb 001 0 spa d | ||
| 020 | _a9786074482997 | ||
| 035 | _a(Sirsi) i9786074482997 | ||
| 040 |
_aESUDE _bspa _cESUDE _dPIF _dOCLCO _dOCLCF _ePE-LiUPU _erda |
||
| 041 | 1 |
_aspa _heng |
|
| 049 | _aPRUA | ||
| 082 | 0 | 4 |
_a610.7367 _bH96 |
| 100 | 1 |
_aHurst, Marlene, _eautor. |
|
| 245 | 1 | 0 |
_aEnfermería médico-quirúrgica / _cMarlene Hurst ; traducido por Roberto Palacios Martínez ; revisión técnica, Alma Delia Rivera Romo ; editado por Martín Martínez Moreno. |
| 264 | 1 |
_aMéxico : _bManual Moderno, _c2013. |
|
| 300 |
_axi, 880 páginas : _ilustraciones ; _c24 centímetros |
||
| 336 |
_atext _2rdacontent |
||
| 337 |
_aunmediated _2rdamedia |
||
| 338 |
_avolume _2rdacarrier |
||
| 504 | _aBibliografía después de cada capítulo. | ||
| 504 | _aÍndice : páginas 863-880. | ||
| 505 | 0 | _aIntroducción a la enfermería médico-quirúrgica -- Líquidos y electrólitos -- Desequilibrio ácido-base -- Trastornos cardiovasculares -- Choque y falla multisistémica -- Trastornos respiratorios -- Disfunción neurológica -- Trastornos renales y urológicos -- Trastornos gastrointestinales -- Disfunción metabólica y endocrina -- Disfunción neurosensitiva -- Disfunción musculosquelética -- Enfermedades infecciosas -- Enfermedades autoinmunes y reumáticas -- Aberraciones celulares: cáncer -- Alteraciones de la función tegumentaria -- Respuestas y explicaciones de las preguntas prácticas. | |
| 526 | _aP203 | ||
| 526 | _aP200 | ||
| 526 | _aSEG65 | ||
| 526 | _aSEG64 | ||
| 526 | _aSEG63 | ||
| 526 | _aSEG62 | ||
| 526 | _aSEG61 | ||
| 526 | _aSEG60 | ||
| 526 | _aSEG59 | ||
| 526 | _aSEG58 | ||
| 526 | _aSEG57 | ||
| 526 | _aSEG56 | ||
| 526 | _aSEG55 | ||
| 526 | _aSEG54 | ||
| 526 | _aSEG53 | ||
| 526 | _aSEG52 | ||
| 526 | _aSEG51 | ||
| 526 | _aSEG50 | ||
| 526 | _aSEG49 | ||
| 526 | _aSEG48 | ||
| 526 | _aSEG47 | ||
| 526 | _aSEG46 | ||
| 526 | _aSEG24 | ||
| 526 | _aSEG23 | ||
| 526 | _aSEG22 | ||
| 526 | _aSEG21 | ||
| 526 | _aSEG20 | ||
| 526 | _aSEG19 | ||
| 526 | _aSEG18 | ||
| 526 | _aSEG17 | ||
| 526 | _aSEG16 | ||
| 526 | _aSEG14 | ||
| 526 | _aSEG13 | ||
| 526 | _aSEG12 | ||
| 526 | _aSEG11 | ||
| 526 | _aSEG10 | ||
| 526 | _aSEG09 | ||
| 526 | _aSEG06 | ||
| 526 | _aSEG05 | ||
| 526 | _aSEG04 | ||
| 526 | _aSEG03 | ||
| 526 | _aSEG02 | ||
| 526 | _aSEG68 | ||
| 526 | _aSEG66 | ||
| 526 | _aSEG45 | ||
| 526 | _aSEG25 | ||
| 526 | _aSEG01 | ||
| 526 | _aP163 | ||
| 526 | _aP162 | ||
| 526 | _aP161 | ||
| 526 | _aP160 | ||
| 526 | _aP159 | ||
| 526 | _aP158 | ||
| 526 | _aP157 | ||
| 526 | _aP156 | ||
| 526 | _aP155 | ||
| 526 | _aP154 | ||
| 526 | _aP153 | ||
| 526 | _aP152 | ||
| 526 | _aP151 | ||
| 526 | _aP150 | ||
| 526 | _aP149 | ||
| 526 | _aP142 | ||
| 526 | _aP141 | ||
| 526 | _aP140 | ||
| 526 | _aP139 | ||
| 526 | _aP138 | ||
| 526 | _aP137 | ||
| 526 | _aP132 | ||
| 526 | _aP131 | ||
| 526 | _aP130 | ||
| 526 | _aP126 | ||
| 526 | _aP125 | ||
| 526 | _aP124 | ||
| 526 | _aP123 | ||
| 526 | _aP115 | ||
| 526 | _aP122 | ||
| 526 | _aP121 | ||
| 526 | _aP116 | ||
| 526 | _a P114 | ||
| 526 | _aP112 | ||
| 526 | _aP111 | ||
| 526 | _aP104 | ||
| 526 | _aP103 | ||
| 526 | _aP102 | ||
| 526 | _aP101 | ||
| 526 | _aP100 | ||
| 526 | _aP96 | ||
| 526 | _aP95 | ||
| 526 | _aP93 | ||
| 526 | _aP92 | ||
| 526 | _aP91 | ||
| 526 | _aP88 | ||
| 526 | _aP83 | ||
| 526 | _aP82 | ||
| 526 | _aP79 | ||
| 526 | _aP78 | ||
| 526 | _aP75 | ||
| 526 | _aP74 | ||
| 526 | _aP71 | ||
| 526 | _aP69 | ||
| 526 | _a P51 | ||
| 526 | _aP49 | ||
| 526 | _aP48 | ||
| 526 | _aP47 | ||
| 526 | _aP33 | ||
| 526 | _aP31 | ||
| 526 | _a P30 | ||
| 526 | _aP29 | ||
| 526 | _aP27 | ||
| 526 | _aP26 | ||
| 526 | _aP25 | ||
| 526 | _aP24 | ||
| 526 | _a P22 | ||
| 526 | _aP10 | ||
| 526 | _aP09 | ||
| 526 | _a P08 | ||
| 526 | _aP06 | ||
| 526 | _aP05 | ||
| 526 | _aP04 | ||
| 526 | _aP01 | ||
| 534 |
_apTítulo original : _tMedical-surgical nursing review, c2011. |
||
| 541 | _g0001-000326; | ||
| 650 | 4 | _aEnfermería de quirófanos. | |
| 650 | 4 |
_aEnfermería quirúrgica _vManuales, etc. |
|
| 650 | 4 |
_aEnfermería quirúrgica. _9747 |
|
| 700 | 1 |
_aMartínez Moreno, Martín, _eeditor. |
|
| 700 | 1 |
_aPalacios Martínez, Juan Roberto, _etraducctor. |
|
| 700 | 1 |
_aRivera Romo, Alma Delia, _erevisión técnica. |
|
| 910 |
_aaas _bjck _caas _d20150609 |
||
| 942 |
_2ddc _cBOOK |
||
| 949 |
_a610.7367 H96 _wDEWEY _c1 _i71222 _d2015-8-28 _e2015-8-26 _lCCODEBUL1 _mBUL _n1 _p86.32 _r0 _sY _tBOOK _u2015-6-9 _xSALUD _PP22 _0COMPRA _o.STAFF. Colección General |
||
| 949 |
_a610.7367 H96 _wDEWEY _c2 _i71223 _d2016-11-15 _e2016-11-15 _lCCODEBUL1 _mBUL _n1 _p86.32 _r0 _sY _tBOOK _u2015-6-9 _xSALUD _PP22 _0COMPRA _o.STAFF. Colección General |
||
| 994 |
_aC0 _bPEPRU |
||
| 596 | _a1 | ||
| 999 |
_a610.7367 H96 _wDEWEY _c16864 _i71222 _d16864 _e2019-8-12 _f2021-11-3 _g5 _lCCODEBUL1 _mBUL _n3 _p86.32 _q4 _r0 _sY _tBOOK _u2015-6-9 _xSALUD _PP22 _0COMPRA _o.STAFF. Colección Ciencias de la Salud |
||
| 999 |
_a610.7367 H96 _wDEWEY _c2 _i71223 _d2019-10-10 _e2019-8-19 _f2021-11-3 _g5 _lCCODEBUL1 _mBUL _n5 _p86.32 _q6 _r0 _sY _tBOOK _u2015-6-9 _xSALUD _PP22 _0COMPRA _o.STAFF. Colección Ciencias de la Salud |
||
| 980 |
_81 _gALBERTO SANCHEZ Responsable de Automatización |
||